000 00906nam a2200265Ia 4500
003 OSt
005 20221005111331.0
006 a|||||r|||| 00| 0
007 ta
008 221004b |||||||| |||| 00| 0 hin d
020 _a789350722166 (hbk)
_c1190
024 _a17342
037 _b520, 21/03/2015, Vani Prakashan
_cTextual
040 _aCRL
_cCRL
_bhin
041 _2hin
_ahin
082 _a4,1, 152Q1
100 _aविनीता कुमार
245 0 _aमंडी में मीडिया
246 _aManḍī mean mīḍiyā
260 _aनई दिल्ली
_bवाणी प्रकाशन भारत
_c2011
300 _a384पृ0
_ccm.
650 _aहिन्दी पत्रकारिता
942 _h4,1, 152Q1
_cTEXL
_2cc
999 _c1021525
_d1021525